| 000 | 00537nam a22001697a 4500 | ||
|---|---|---|---|
| 008 | 160926b xxu||||| |||| 00| 0 eng d | ||
| 020 | _a082380101217 | ||
| 050 |
_aBT 372.66 _b.L954 1971 |
||
| 100 | _aLowndes, Betty. | ||
| 245 |
_aMovement and creative drama for children: _cBetty Lowndes. |
||
| 260 |
_aBritain: _bPlays, _c1971. |
||
| 300 |
_a141p. :ill. ; _bIncludes index |
||
| 650 | _aGames with music. | ||
| 650 | _aSinging games. | ||
| 650 | _aChildren plays. | ||
| 942 |
_2lcc _cBOOKS _hBT 372.66 .L954 1971 |
||
| 999 |
_c14066 _d14066 |
||